| 000 | 00586cam a2200193ua 4500 | ||
|---|---|---|---|
| 001 | 4313 | ||
| 005 | 20260515113820.0 | ||
| 008 | 111223n ii |||gr||||Z||||||eng | ||
| 040 | _cMAIN | ||
| 082 | _a305.4 | ||
| 100 | 1 | _aDowns, Frederick S., | |
| 245 | 1 | 1 |
_aChristian impact on the status of women in north east india _cby Frederick S. Downs |
| 250 | _a1st. | ||
| 260 |
_aShillong: _bNorth eastern hill university publications,996. |
||
| 300 |
_a97p: _c23cm. |
||
| 653 | _aSocial group of women | ||
| 653 | _aChristian impact on the status of women in north east india | ||
| 942 | _cBK | ||
| 999 |
_c4128 _d4128 |
||